00387nam a2200121Ia 4500003000400000005001700004008004100021040001800062041000800080100005300088245008800141260003600229OSt20260116100210.0211028s2013 xx 000 0 und d cAIMIT LIBRARY aeng aMascarenhas, Allwyn; Kairanna, Sneha S.g1116005 aStudy on decrease in the customer interest towards blackberrys menswear Mangalore / aMangalorebSneha Kairannac2013